| 000 | 00675cam a22002297a 4500 | ||
|---|---|---|---|
| 020 | _a905823021X | ||
| 040 | _cNLM | ||
| 082 | 0 | 0 | _a612 HAR 2000 A046 Or. |
| 245 | 0 | 0 |
_aComplex brain functions : _bconceptual advances in Russian neuroscience / |
| 260 |
_aAmsterdam, Netherlands : _bHarwood Academic, _cc2000. |
||
| 300 |
_axvi, 334 p. : _bill. ; _c26 cm. |
||
| 650 | 0 | _aNeurosciences | |
| 650 | 0 | _aBrain | |
| 650 | 1 | 2 | _aNeurosciences |
| 650 | 2 | 2 | _aBrain |
| 650 | 2 | 2 | _aResearch |
| 700 | 1 | _aMiller, Robert, | |
| 700 | 1 | _aIvanit︠s︡kiĭ, A. M. | |
| 700 | 1 | _aBalaban, P. M. | |
| 856 | 4 | 2 | _uhttp://www.loc.gov/catdir/enhancements/fy0745/2002421309-d.html |
| 942 | _cEK | ||
| 999 |
_c13699 _d13699 |
||